| 000 | 01109nam a22003617a 4500 | ||
|---|---|---|---|
| 003 | CHAP | ||
| 005 | 20220817044126.0 | ||
| 008 | 060921d2006 it bd rn 00110 eng d | ||
| 010 | _a92775 | ||
| 011 | _a93747 | ||
| 020 | _a9251054894 | ||
| 035 | _a104327 | ||
| 040 | _cCHAP | ||
| 082 | 0 | 4 |
_a641 _bF3 v.84 |
| 110 | 2 | _aFAO | |
| 245 | 1 | 4 |
_aThe double burden of malnutrition: _bcase studies from six developing countries _c/by FAO |
| 260 |
_aRome : _bFAO, _c2006 |
||
| 300 |
_a334 p. : _bgráfs. ; mapas ; tablas ; diagramas |
||
| 410 | 2 | 1 | _aFAO |
| 490 | 0 |
_aAlimentación y nutrición _v; 84 |
|
| 590 |
_aBATCH-UPD _b10 _c20130110 _lUCH01 _h1756 |
||
| 590 |
_aBATCH-UPD _b10 _c20130410 _lUCH01 _h1133 |
||
| 590 |
_aBATCH-UPD _b10 _c20130914 _lUCH01 _h0211 |
||
| 590 |
_aCONVERSION _b10 _c20130109 _lUCH01 _h1351 |
||
| 650 | 1 | 4 |
_aAlimentos. _94114 |
| 650 | 1 | 4 |
_aNutrición. _982246 |
| 810 | 0 | _aFAO | |
| 830 | 0 | 0 |
_aAlimentacion y nutricion _v; 84 _94112 |
| 901 | _aBK | ||
| 905 | _aMarco A. Mendoza T. | ||
| 942 | _cLIBRO | ||
| 949 |
_a641 F3 v.84 _bBC _cFAO _d33724000998456 _eFAO1 _gDonaciØn _h108243 _i104327 _sb |
||
| 999 |
_c92775 _d92775 |
||